000 00573nam a22002297a 4500
003 UA-OsUOA
001 91996
007 ta
008 20121207b un ||||| |||| 00| 0 ukr d
100 _aЧереватенко Л.
090 _a821.161.2
_bЧ-46
942 _cBK
040 _aUA-OsUOA
_bukr
_cUA-OsUOA
_dUA-OsUOA
245 _aВідкритий звук
300 _a115 с.
955 _a3
041 _aukr
080 _a821.161.2
260 _aК.
_c1982
650 7 _a82 Література. Літературознавство
_2UDC
999 _c378265
_d378265